Challenging global inequality development theory and practice in the 21st century

Uložené v:
Podrobná bibliografia
Hlavný autor: Greig, Alastair
Ďalší autori: Hulme, David, Turner, Mark
Médium: Kniha
Jazyk:English
Vydavateľské údaje: London Palgrave Macmillan 2007
Predmet:
Tagy: Pridať tag
Žiadne tagy, Buďte prvý, kto otaguje tento záznam!

MARC

LEADER 00000nam a2200000 4500
001 0224071
005 20221207101111.5
020 |a 978-1-4039-4824-3 
020 |a 1-4039-4824-0 
041 0 |a eng 
044 |a GB 
245 1 0 |a Challenging global inequality  |b development theory and practice in the 21st century  |c Alastair Greig, David Hulme, Mark Turner 
264 1 |a London  |b Palgrave Macmillan  |c 2007 
300 |a 296 s. 
610 2 0 |a vývoj hospodársky 
610 2 0 |a situácia hospodárska 
610 2 0 |a porovnanie medzinárodné 
610 2 0 |a bohatí 
610 2 0 |a chudobní 
610 2 0 |a nerovnosť 
610 2 0 |a príjmy 
610 2 0 |a distribúcia 
610 2 0 |a projekty 
610 2 0 |a rozvoj hospodársky 
610 2 0 |a modernizácia 
610 2 0 |a neoliberalizmus 
610 2 0 |a globalizácia 
610 2 0 |a ženy 
610 2 0 |a vývoj spoločenský 
100 1 |a Greig, Alastair 
700 1 |a Hulme, David 
700 1 |a Turner, Mark